Conhecimiento e inclusáo social : (Record no. 202142)

MARC details
000 -CABECERA
campo de control de longitud fija 00648nam a2200205 u 4500
005 - FECHA Y HORA DE LA ÚLTIMA TRANSACCIÓN
campo de control 20250212094733.0
008 - ELEMENTOS DE LONGITUD FIJA--INFORMACIÓN GENERAL
campo de control de longitud fija 190403s2011 r 000 0 eng d
020 ## - NÚMERO INTERNACIONAL NORMALIZADO PARA LIBROS
Número Internacional Estándar del Libro 9788570419231
035 ## - NÚMERO DE CONTROL DEL SISTEMA
Número de control de sistema UPN01000230047
049 ## - COLECCIÓN
Colección CG
050 #4 - SIGNATURA TOPOGRÁFICA DE LA BIBLIOTECA DEL CONGRESO
Número de clasificación LA556
Número de documento/Ítem C6.6
245 00 - MENCIÓN DE TÍTULO
Título Conhecimiento e inclusáo social :
Resto del título 40 años de pesquisa em educacáo /
Mención de responsabilidad, etc. [dir.] Eliane Marta Teixeira Lopes.
260 ## - PUBLICACIÓN, DISTRIBUCIÓN, ETC.
Lugar de publicación, distribución, etc. Brasil :
Nombre del editor, distribuidor, etc. UFMG,
Fecha de publicación, distribución, etc. c2011.
300 ## - DESCRIPCIÓN FÍSICA
Extensión 258 p.
650 #4 - ASIENTO SECUNDARIO DE MATERIA - TERMINO TEMATICO
Término de materia o nombre geográfico como elemento de entrada Educación
Subdivisión general Investigación
Subdivisión geográfica Brasil
9 (RLIN) 27714
650 #4 - ASIENTO SECUNDARIO DE MATERIA - TERMINO TEMATICO
Término de materia o nombre geográfico como elemento de entrada IGUALDAD -
Subdivisión general ASPECTOS SOCIALES
9 (RLIN) 27414
700 1# - ASIENTO SECUNDARIO--NOMBRE DE PERSONAL
Nombre de persona Teixeira Lopes, Eliane Marta,
Término indicativo de función/relación dir.
905 ## - TIPO DE MATERIAL
Tipo de material Libro
Holdings
Estado de retiro Estado de pérdida Fuente del sistema de clasificación o colocación Estado dañado No para préstamo Código de colección Localización permanente Ubicación/localización actual Ubicación en estantería Total de préstamos Clasificación Código de barras Fecha visto por última vez Número de copia Tipo de ítem Koha
    Library of Congress Classification     Colección General Bib. Gregorio Torres Quintero Bib. Gregorio Torres Quintero Planta baja   LA556 C6.6 330623 31/12/2020 1 Libro